Loading...
| History - World | 0 | 5 | 0 | 0 | 50 | 45 | 69.40 | 2 | 5 | 0.00 | 0.00 |
| History - American | 0 | 5 | 2 | 0 | 40 | 32 | 57.20 | 5 | 5 | 0.00 | 0.00 |
| Science - Physics | 0 | 4 | 1 | 2 | 35 | 62 | 93.25 | 0 | 4 | 0.00 | 0.00 |
| Religion | 0 | 4 | 1 | 1 | 35 | 55 | 85.50 | 0 | 4 | 0.00 | 0.00 |
| Literature - American | 0 | 3 | 0 | 0 | 30 | 50 | 76.00 | 2 | 3 | 0.00 | 0.00 |
| Fine Arts - Visual | 0 | 3 | 1 | 0 | 25 | 82 | 91.33 | 2 | 3 | 0.00 | 0.00 |
| Literature - World/Other | 0 | 2 | 0 | 0 | 20 | 66 | 74.00 | 1 | 2 | 0.00 | 0.00 |
| Social Science | 0 | 3 | 2 | 0 | 20 | 56 | 68.00 | 0 | 3 | 0.00 | 0.00 |
| History - Other | 0 | 4 | 4 | 1 | 20 | 42 | 64.75 | 3 | 4 | 0.00 | 0.00 |
| Other Academic | 0 | 2 | 0 | 0 | 20 | 39 | 52.00 | 1 | 2 | 0.00 | 0.00 |
| History - European | 0 | 3 | 3 | 0 | 15 | 62 | 77.67 | 3 | 3 | 0.00 | 0.00 |
| Fine Arts - Other | 0 | 1 | 0 | 1 | 10 | 121 | 121.00 | 0 | 1 | 0.00 | 0.00 |
| Science - Other | 0 | 1 | 0 | 0 | 10 | 89 | 89.00 | 0 | 1 | 0.00 | 0.00 |
| Geography/Current Events | 0 | 1 | 1 | 0 | 5 | 80 | 80.00 | 0 | 1 | 0.00 | 0.00 |
| Literature - European | 0 | 1 | 2 | 0 | 0 | 102 | 102.00 | 0 | 1 | 0.00 | 0.00 |
| Philosophy | 0 | 1 | 2 | 0 | 0 | 78 | 78.00 | 0 | 1 | 0.00 | 0.00 |
| Science - Biology | 0 | 0 | 1 | 0 | -5 | 0.00 | 0 | 0 | 0.00 | 0.00 | |
| Literature - British | 0 | 0 | 2 | 0 | -10 | 0.00 | 0 | 0 | 0.00 | 0.00 |